MDQL
is popping MORE tags! Check the
thread
!
Quizzes
Events
Quiz Creation
Community
Videos
Private Events
Remove Ads
Sign In
Join for FREE
Feedback
Dark Mode
Quiz Categories
Sports
Geography
Music
Movies
Television
Just For Fun
Miscellaneous
History
Literature
Language
Science
Gaming
Entertainment
Religion
Holiday
For Kids
Quiz Lab
Recent
Popular Today
Quiz Kudos Today
Editor Picks
Curator Picks
Quizzes by...
Day
Popularity
Type
Ratings
Length
Year
Community
Subscriptions
Recent Discussions
Orange Saloon
Badges
Playlists
Quests
Create
Leaderboards
Showdown
Live 5
Trivia Bingo
Activity
Puzzle Library
Sporcle Events
Private Events
Virtual Trivia
Globe League
Become a Host
Pub Owners
SporcleCon
Opinionation
Our Games
Videos
Blog
Mobile Apps
Partnerships
Remove Ads and Go Orange
Feedback
Sports
Athletes
MLB
NBA
NHL
NFL
Soccer
Sports Teams
WWE
NCAA
Football
Premier League
Basketball
Baseball
Hockey
Golf
Tennis
Cricket
Rugby
Auto Racing
Olympics
World Cup
Sports
Athletes
MLB
NBA
NHL
NFL
Soccer
Sports Teams
WWE
NCAA
Football
Premier League
Basketball
Baseball
Hockey
Golf
Tennis
Cricket
Rugby
Auto Racing
Olympics
World Cup
Random Quiz
Search Sporcle
×
Quiz Lab
Quiz Lab
Sports
NHL
Type in answers that appear in a list
Type in answers that appear in a list
Classic
Best Score? Go Orange.
The stats leaders from the 14-15 NHL season Stats
Can you name the The stats leaders from the 14-15 NHL season?
By
BrodyF03
5m
60 Questions
80 Plays
80 Plays
80 Plays
Comments
Comments
Give Quiz Kudos
Give Quiz Kudos
-
- Ratings
hide this ad
Replay
Link that replays current quiz
Next Quiz
Link to next quiz in quiz playlist
You Got
0%
They Got
Avg Score
82%
Avg Friend Score
Upgrade to see
Score Distribution
Jump to the score distribution portion of the page
Score
0/60
Timer
05:00
0
Plays Today
Stat
Player
% Correct
81 points (Capitals)
Alexander Ovechkin
97.5%
53 goals (Capitals)
Alex Ovechkin
97.5%
28 goals (Multiple Teams)
Sidney Crosby
97.5%
84 points (Penguins)
Sidney Crosby
96.3%
56 assists (Penguins)
Sidney Crosby
96.3%
87 points (Stars)
Jamie Benn
95%
70 points (Penguins)
Evgeni Malkin
95%
35 goals (Stars)
Jamie Benn
95%
52 assists (Stars)
Jamie Benn
95%
76 points (Canucks)
Daniel Sedin
93.8%
73 points (Canucks)
Henrik Sedin
93.8%
72 points (Lightning)
Steven Stamkos
93.8%
43 goals (Lightning)
Steven Stamkos
93.8%
56 assists (Canucks)
Daniel Sedin
93.8%
55 assists (Canucks)
Henrik Sedin
93.8%
86 points (Islanders)
John Tavares
91.3%
77 points (Stars)
Tyler Seguin
91.3%
70 points (Rangers)
Rick Nash
91.3%
42 goals (Rangers)
Rick Nash
91.3%
38 goals (Islanders)
John Tavares
91.3%
37 goals (Stars)
Tyler Seguin
91.3%
33 goals (Ducks)
Corey Perry
91.3%
48 assists (Islanders)
John Tavares
91.3%
78 points (Capitals)
Nicklas Backstrom
90%
71 points (Ducks)
Ryan Getzlaf
90%
60 assists (Capitals)
Nicklas Backstrom
90%
45 assists (Ducks)
Ryan Getzlaf
90%
73 points (Blues)
Vladimir Tarasenko
88.8%
37 goals (Blues)
Vladimir Tarasenko
88.8%
69 points (Flyers)
Claude Giroux
87.5%
Stat
Player
% Correct
48 assists (Flyers)
Claude Giroux
87.5%
49 assists (Red Wings)
Henrik Zetterberg
85%
37 goals (Canadiens)
Max Pacioretty
83.8%
33 goals (Wild)
Zach Parise
83.8%
49 assists (Sharks)
Joe Thornton
83.8%
70 points (Sharks)
Joe Pavelski
80%
37 goals (Sharks)
Joe Pavelski
80%
81 points (Flyers)
Jakub Voracek
78.8%
59 assists (Flyers)
Jakub Voracek
78.8%
48 assists (Kings)
Anze Kopitar
78.8%
45 assists (Senators)
Erik Karlsson
77.5%
45 assists (Canadiens)
PK Subban
77.5%
29 goals (Lightning)
Nikita Kucherov
76.3%
76 points (Flames)
Jiri Hudler
73.8%
31 goals (Flames)
Jiri Hudler
73.8%
45 assists (Flames)
Jiri Hudler
73.8%
73 points (Lightning)
Tyler Johnson
72.5%
29 goals (Lightning)
Tyler Johnson
72.5%
73 points (Blue Jackets)
Nick Foligno
70%
72 points (Blue Jackets)
Ryan Johansen
70%
31 goals (Blue Jackets)
Nick Foligno
70%
31 goals (Flames)
Sean Monahan
70%
45 assists (Blue Jackets)
Ryan Johansen
70%
29 goals (Avalanche)
Jarome Iginla
68.8%
47 assists (Lightning)
Ondrej Palat
62.5%
46 assists (Coyotes/
Rangers)
Keith Yandle
58.8%
45 assists (Stars)
Jason Spezza
58.8%
31 goals (Canucks)
Radim Vrbata
53.8%
29 goals (Red Wings)
Tomas Tatar
52.5%
47 assists (Predators)
Mike Ribeiro
51.3%
Quiz Playlist
Details
Report
Send in Message
Add To Playlist
Classic:
Type in answers that appear in a list
Last Updated: Feb 16, 2017
Quiz Scoreboard
CHALLENGE
Sign Up to Join the Scoreboard
Show All
Scores
Hide
Comments
May contain spoilers
Recently Published
1-10 Letter E Words III
by El_Dandy
Language
2m
Street Fighter Characters
by Artimus82
Gaming
60s
College Basketball Coaching Resumes
by pancakes188
Sports
9m
More to Explore
Quiz From the Vault
Featured Blog Post
Where Did the Easter Bunny Come From?
hide this ad
You Might Also Like...
Tags
NHL Quiz
State Quiz
Leader
Player
season
stat
Today's Top Quizzes in Sports
Browse Sports
hide this ad
Today's Top Quizzes in NHL
Browse NHL
Top Contributed Quizzes in Sports
1
2022 World Cup Stars
2
Les meilleurs buteurs des matchs entre le PSG et l’OM
3
FIFA Club World Cup Champions
4
Les entraîneurs de l'OM et du PSG au 21e siècle
5
Criteria MLB: Left Handed Sluggers
6
2023 MLB Unique Player Accomplishments
7
AFC Teams Reveal (Wrong Answers Minefield)
8
Players with Multiple 50 Home Run Seasons
9
5-to-1: FBS Animal Nicknames
10
5-to-1: UK Sports Teams
Explore More
Trending Topics
NBA
Kpop
Anime
Disney
Harry Potter
Crossword
Marvel
Soccer
Pokémon
Puzzle
WWE
Song
NFL
Country
The Office
hide this ad
More By:
BrodyF03
Quiz
Plays
Rating
Category
Featured
Created
Blue Mountain State Trivia
3,954
4.67
Television
Feb 1, 2014
Futurama: Who did it?
957
3.78
Television
Dec 7, 2015
Trailer Park Boys A-Z
714
4.33
Television
Dec 4, 2015
American Dad! Characters
691
2.86
Television
Jun 10, 2016
2015-2016 NHL first lines
446
4.50
Sports
Dec 8, 2015
Go to Creator's Profile
Score Distribution
Quiz Creator Spotlight
BrodyF03
Follow
Send a Message
Quizzes Created
-
Created Quiz Play Count
-
More By This Creator
Popular Quizzes Today
1
Find the US States - No Outlines Minefield
2
Find the Countries of Europe - No Outlines Minefield
3
The Countries of the World
4
Find the US States
5
Risky Map Clicking: Biggest States A-Z
6
US States
7
Popular People in 1961
8
Movies - When Are They Set?
More Sports Quizzes
NFL Photo Minefield: 1-Team Players
Published
Trending Quizzes
Risky Map Clicking: Least Populous States A-Z
1-10 Letter G Words
1-10 Letter F Words
Countries of the World: 200 Million BC
Risky Map Clicking: Next State Alphabetically
Recently Updated
Beyoncé Albums
pecheneg
Leaping Animals
pecheneg
Reality TV Shows (A-Z)
bhenderson79
Rickey Henderson's Hall of Fame Teammates
pecheneg
Champions League XIs: Arsenal
pecheneg
Quick Pick: Celebrities in WWE's Hall of Fame
aduchscher
A-Z Keypad Blitz II
pecheneg
Multiple Oscar Actors
pecheneg
Mystery Phrase Blitz: Oscar 'Best Actors'
pecheneg
F. Scott Fitzgerald Novels
LTH
Trending Topics
Harry Potter
Disney
Crossword
Marvel
NBA
Anime
Kpop
Puzzle
Song
Country
WWE
NFL
Soccer
The Office
Pokémon
Your Account Isn't Verified!
In order to create a playlist on Sporcle, you need to verify the email address you used during registration. Go to your
Sporcle Settings
to finish the process.
Report this User
Report this user for behavior that violates our
Community Guidelines
.
Details:
Send Report
Go to the Sporcle.com Mobile Site →
Comments